000 00792cab a2200253 4500
001 WB3321-03
008 090401t1997 xxu||||| |||| 00| 0 eng d
035 _a(Sirsi) u78672
041 _aeng
245 _aCity development
260 _c1997
350 _a0
490 _aTimes
_v30 May 1997, 25(1)
520 _aGerald Ronson`s property group, Heron International has unveiled a £100m office development programme which includes plans to build office blocks in Ludgate Circus and Holborn Viaduct.
650 _aCITY OF LONDON
650 _aHERON INTERNATIONAL
650 _aHOLBORN VIADUCT
650 _aLUDGATE CIRCUS
650 _aOFFICE DEVELOPMENT
650 _aSPECULATIVE DEVELOPMENT
690 _aPROPERTY-COMMERCIAL PROPERTY
942 _n0
948 _c30/05/1997
999 _c49475
_d49475